[Event "FIDE WCC Blitz Women 2019"]
[Site "Moscow"]
[Date "2019.12.30"]
[Round "11.1"]
[White "Lagno, Kateryna"]
[Black "Bodnaruk, Anastasia"]
[Result "1/2-1/2"]
[WhiteElo "2606"]
[BlackElo "2375"]
[Annotator "ChessBase"]
[PlyCount "152"]
[EventDate "2019.12.29"]
[EventType "swiss"]
[EventCountry "RUS"]
[SourceTitle "playchess.com"]
[Source "ChessBase"]
[SourceQuality "1"]

1. e4 c5 2. Nf3 d6 3. Bb5+ Bd7 4. Bxd7+ Qxd7 5. c4 Nc6 6. Nc3 g6 7. d4 cxd4 8. Nxd4 Bg7 9. Be3 Nf6 10. f3 O-O 11. Rc1 Rac8 12. b3 Rfd8 13. O-O e6 14. Qd2 d5 15. cxd5 exd5 16. Nxc6 bxc6 17. exd5 Nxd5 18. Nxd5 Qxd5 19. Qxd5 cxd5 20. Bxa7 Ra8 21. Bb6 Rdb8 22. Bc7 Rb7 23. Rfd1 d4 24. Bg3 Bf6 25. Rc2 Rb4 26. Bf2 Kg7 27. Rcd2 Rd8 28. Rd3 Ra8 29. Bxd4 Bxd4+ 30. Rxd4 Rxd4 31. Rxd4 Rxa2 32. h4 h5 33. b4 Rb2 34. Kh2 Kf6 35. Kg3 Ke6 36. Re4+ Kf6 37. Rc4 Ke6 38. Rc6+ Ke7 39. Rb6 Kf8 40. b5 Kg7 41. Rb8 Kf6 42. b6 Kg7 43. Kh3 Kf6 44. g4 Kg7 45. g5 Rb3 46. Kg3 Rb2 47. f4 Rb3+ 48. Kf2 Kh7 49. Ke2 Kg7 50. Kd2 Rb4 51. Ke3 Rb3+ 52. Kd4 Rb1 53. Kc5 Rc1+ 54. Kd6 Rd1+ 55. Kc7 Rc1+ 56. Kd6 Rb1 57. Ke5 Re1+ 58. Kd4 Rd1+ 59. Ke4 Re1+ 60. Kf3 Rf1+ 61. Ke3 Rb1 62. Kd3 Rb4 63. Ke3 Rb3+ 64. Ke4 Rb4+ 65. Ke5 Rb1 66. b7 Re1+ 67. Kd4 Rd1+ 68. Ke3 Rb1 69. Kf3 Rb4 70. Ke3 Rb3+ 71. Kd4 Rb1 72. Kc5 Rc1+ 73. Kd6 Rd1+ 74. Ke5 Re1+ 75. Kd4 Rd1+ 76. Kc3 Rb1 1/2-1/2

[Event "FIDE WCC Blitz Women 2019"]
[Site "Moscow"]
[Date "2019.12.30"]
[Round "11.2"]
[White "Charochkina, Daria"]
[Black "Koneru, Humpy"]
[Result "0-1"]
[WhiteElo "2212"]
[BlackElo "2489"]
[Annotator "ChessBase"]
[PlyCount "156"]
[EventDate "2019.12.29"]
[EventType "swiss"]
[EventCountry "RUS"]
[SourceTitle "playchess.com"]
[Source "ChessBase"]
[SourceQuality "1"]

1. d4 Nf6 2. Bg5 d5 3. Bxf6 exf6 4. e3 Bd6 5. c4 dxc4 6. Bxc4 O-O 7. Nc3 f5 8. Nf3 c6 9. O-O Nd7 10. Qc2 Nf6 11. Rfd1 Qe7 12. d5 b5 13. Bd3 b4 14. Ne2 cxd5 15. Bxf5 Be6 16. Ned4 Rac8 17. Qd3 Rc4 18. Ng5 Bxf5 19. Qxf5 h6 20. Ngf3 Rfc8 21. Qd3 Be5 22. g3 Bxd4 23. Nxd4 Qe5 24. Kg2 Ne4 25. Rab1 Qf6 26. f3 Ng5 27. h4 Ne6 28. Ne2 Rc2 29. Rd2 Rxd2 30. Qxd2 Qe5 31. Rd1 Rc5 32. Nd4 a5 33. Nb3 Rc8 34. Nxa5 d4 35. Qxb4 dxe3 36. Nb3 Rc2+ 37. Kh3 e2 38. Re1 Rxb2 39. Qe4 Qxe4 40. fxe4 Rxa2 41. Kg2 Rb2 42. Nc1 Nc5 43. Rxe2 Rxe2+ 44. Nxe2 Nxe4 45. Kf3 Nd2+ 46. Kf4 g6 47. Nd4 Kg7 48. g4 f6 49. Ne6+ Kf7 50. Nd4 Nc4 51. Nc6 Nd6 52. Nd8+ Ke7 53. Nc6+ Ke6 54. Nb4 Nc4 55. Ke4 Ne5 56. Kf4 g5+ 57. hxg5 hxg5+ 58. Kg3 Kd6 59. Nc2 Kd5 60. Ne3+ Ke4 61. Nf5 Ng6 62. Ng7 Ke5 63. Ne8 Ne7 64. Kf3 Nc6 65. Kg3 Nd4 66. Ng7 Ne6 67. Ne8 Nc5 68. Ng7 Ne4+ 69. Kf3 Nd6 70. Kg3 Kd5 71. Nh5 Ke6 72. Ng7+ Kf7 73. Nh5 Kg6 74. Kf3 Nf7 75. Kg3 Ne5 76. Kh3 Nxg4 77. Nf4+ gxf4 78. Kxg4 f3 0-1

[Event "FIDE WCC Blitz Women 2019"]
[Site "Moscow"]
[Date "2019.12.30"]
[Round "11.3"]
[White "Muzychuk, Anna"]
[Black "Lei, Tingjie"]
[Result "1-0"]
[WhiteElo "2504"]
[BlackElo "2543"]
[Annotator "ChessBase"]
[PlyCount "113"]
[EventDate "2019.12.29"]
[EventType "swiss"]
[EventCountry "RUS"]
[SourceTitle "playchess.com"]
[Source "ChessBase"]
[SourceQuality "1"]

1. e4 e5 2. Nf3 Nf6 3. Nxe5 d6 4. Nf3 Nxe4 5. Qe2 Qe7 6. d3 Nf6 7. Bg5 Qxe2+ 8. Bxe2 Be7 9. Nc3 c6 10. O-O-O O-O 11. Rde1 Nbd7 12. h3 Re8 13. Bd1 b6 14. Nd4 Bb7 15. Nf5 Bf8 16. Bf4 Rxe1 17. Rxe1 Re8 18. Rxe8 Nxe8 19. Ne4 d5 20. Ned6 Nxd6 21. Nxd6 Bxd6 22. Bxd6 f5 23. g4 Kf7 24. gxf5 Kf6 25. Kd2 Ne5 26. Bb8 a6 27. Bc7 b5 28. Ke3 c5 29. Kf4 Nd7 30. Bd8+ Kf7 31. Bh5+ Kf8 32. Bf3 Ke8 33. Bh4 Kf7 34. c4 bxc4 35. dxc4 Nb6 36. b3 a5 37. Bd8 Nc8 38. Bxd5+ Bxd5 39. cxd5 Nd6 40. Bxa5 Nb5 41. Ke5 Ke7 42. Bb6 Nc3 43. Bxc5+ Kd7 44. a4 Ne2 45. a5 Nc1 46. b4 Nd3+ 47. Ke4 Nb2 48. Bd4 Nc4 49. Bxg7 Nd6+ 50. Ke5 Nf7+ 51. Kf6 Nd6 52. Bf8 Ne4+ 53. Kg7 Nc3 54. f6 Nxd5 55. f7 Nc7 56. Bc5 Ne6+ 57. Kg8 1-0

[Event "FIDE WCC Blitz Women 2019"]
[Site "Moscow"]
[Date "2019.12.30"]
[Round "11.5"]
[White "Kashlinskaya, Alina"]
[Black "Tan, Zhongyi"]
[Result "1/2-1/2"]
[WhiteElo "2282"]
[BlackElo "2480"]
[Annotator "ChessBase"]
[PlyCount "114"]
[EventDate "2019.12.29"]
[EventType "swiss"]
[EventCountry "RUS"]
[SourceTitle "playchess.com"]
[Source "ChessBase"]
[SourceQuality "1"]

1. d4 Nf6 2. c4 e6 3. Nc3 Bb4 4. e3 O-O 5. Bd3 d5 6. Nf3 c5 7. O-O Nc6 8. cxd5 exd5 9. dxc5 Bxc5 10. h3 d4 11. exd4 Nxd4 12. Na4 Nxf3+ 13. Qxf3 Be7 14. Bf4 Bd7 15. Nc3 Bc6 16. Qe2 Re8 17. Rad1 Qa5 18. Qc2 h6 19. Rfe1 Bb4 20. Bd2 Nd5 21. Rxe8+ Rxe8 22. Nxd5 Qxd5 23. Bf1 Bxd2 24. Rxd2 Qxa2 25. Bc4 Qa5 26. Re2 Rxe2 27. Qxe2 Qg5 28. f3 a6 29. Kh1 b5 30. Bd3 g6 31. Qc2 Qf6 32. b4 Kg7 33. Qc5 Bd7 34. Be4 Be6 35. Qd6 a5 36. bxa5 Qa1+ 37. Kh2 Qxa5 38. Qe5+ Kh7 39. h4 Qd8 40. h5 Qh4+ 41. Kg1 Bf5 42. Bxf5 Qxh5 43. g4 Qg5 44. f4 Qh4 45. Be4 Qxg4+ 46. Kf2 Qd7 47. Bd5 b4 48. Ke3 Qa7+ 49. Kd3 Qa3+ 50. Kc2 Qa7 51. Qf6 Qc7+ 52. Bc6 h5 53. f5 b3+ 54. Kxb3 Qg3+ 55. Kc4 Qf4+ 56. Kd3 Qxf5+ 57. Qxf5 gxf5 1/2-1/2

[Event "FIDE WCC Blitz Women 2019"]
[Site "Moscow"]
[Date "2019.12.30"]
[Round "11.6"]
[White "Abdumalik, Zhansaya"]
[Black "Gunina, Valentina"]
[Result "1-0"]
[WhiteElo "2415"]
[BlackElo "2366"]
[Annotator "NA"]
[PlyCount "121"]
[EventDate "2019.12.29"]
[EventType "swiss"]
[EventCountry "RUS"]
[SourceTitle "playchess.com"]
[Source "ChessBase"]
[SourceQuality "1"]

1. e4 c6 2. d4 d5 3. Nd2 dxe4 4. Nxe4 Bf5 5. Ng3 Bg6 6. h4 h6 7. Nh3 e6 8. Nf4 Bh7 9. Be3 Nf6 10. Bd3 Bxd3 11. Qxd3 Bd6 12. O-O-O Qa5 13. Kb1 Na6 14. c3 O-O-O 15. Qc4 Nc7 16. Bc1 Rhe8 17. Rhe1 g5 18. hxg5 hxg5 19. Nd3 Ncd5 20. Ne5 Bxe5 21. dxe5 Nd7 22. Bxg5 Nxe5 23. Bxd8 Rxd8 24. Qb3 Ng4 25. c4 Nf4 26. Rxd8+ Qxd8 27. Qf3 Qd3+ 28. Qxd3 Nxd3 29. Rh1 Ndxf2 30. Rh8+ Kd7 31. Rb8 Kc7 32. Rf8 f5 33. b4 Ne3 34. Rf7+ Kb6 35. c5+ Ka6 36. Rf6 Nxg2 37. Rxe6 f4 38. Nf1 Nd3 39. a3 f3 40. Kc2 Ngf4 41. Re3 f2 42. Rxd3 Nxd3 43. Kxd3 Kb5 44. Kc3 Ka4 45. Kb2 a5 46. bxa5 Kxa5 47. Kb3 Kb5 48. Nd2 Kxc5 49. Ne4+ Kd4 50. Nxf2 c5 51. Nd1 Kd5 52. Nc3+ Kd4 53. Nb5+ Kd5 54. Kc3 c4 55. a4 Kc5 56. Na3 b6 57. Nb5 Kd5 58. Kb4 Kc6 59. Kxc4 Kb7 60. Kb4 Ka6 61. Nd6 1-0

[Event "FIDE WCC Blitz Women 2019"]
[Site "Moscow"]
[Date "2019.12.30"]
[Round "11.7"]
[White "Stefanova, Antoaneta"]
[Black "Arabidze, Meri"]
[Result "1/2-1/2"]
[WhiteElo "2452"]
[BlackElo "2412"]
[Annotator "ChessBase"]
[PlyCount "65"]
[EventDate "2019.12.29"]
[EventType "swiss"]
[EventCountry "RUS"]
[SourceTitle "playchess.com"]
[Source "ChessBase"]
[SourceQuality "1"]

1. d4 d5 2. Nf3 Nf6 3. g3 e6 4. Bg2 b5 5. O-O Bb7 6. b3 Be7 7. c4 dxc4 8. bxc4 bxc4 9. Qa4+ Nbd7 10. Qxc4 O-O 11. Rd1 c5 12. dxc5 Bxc5 13. Ba3 Qb6 14. Bxc5 Qxc5 15. Qxc5 Nxc5 16. Nc3 Rfd8 17. Ne5 Bxg2 18. Kxg2 Kf8 19. Nb5 Nd5 20. Rac1 a6 21. Nc7 Nxc7 22. Rxd8+ Rxd8 23. Rxc5 Rd5 24. Rxc7 Rxe5 25. e3 Ra5 26. Rc2 Ke7 27. h4 h5 28. Rc7+ Kf6 29. Rc2 g6 30. Kf3 Ra3 31. Ke4 Ra4+ 32. Kf3 Ra3 33. Ke4 1/2-1/2

[Event "FIDE WCC Blitz Women 2019"]
[Site "Moscow"]
[Date "2019.12.30"]
[Round "11.8"]
[White "Bulmaga, Irina"]
[Black "Harika, Dronavalli"]
[Result "0-1"]
[WhiteElo "2308"]
[BlackElo "2445"]
[Annotator "NA"]
[PlyCount "180"]
[EventDate "2019.12.29"]
[EventType "swiss"]
[EventCountry "RUS"]
[SourceTitle "playchess.com"]
[Source "ChessBase"]
[SourceQuality "1"]

1. e4 e6 2. d4 d5 3. Nc3 Bb4 4. exd5 exd5 5. Bd3 Nc6 6. Nge2 Be7 7. O-O Bf6 8. Be3 Nge7 9. Ng3 g6 10. Nce2 Nb4 11. Bb5+ Bd7 12. Bxd7+ Qxd7 13. Qd2 Nbc6 14. Bh6 O-O-O 15. Qf4 Qd6 16. c3 Qxf4 17. Nxf4 Rhg8 18. Nh3 Rde8 19. Bg5 Bg7 20. Rfe1 h6 21. Bd2 Kd7 22. f4 f5 23. Nf2 Nc8 24. Nd3 Nd6 25. Ne5+ Bxe5 26. fxe5 Ne4 27. Bxh6 Nxg3 28. hxg3 g5 29. g4 f4 30. Kf2 Nd8 31. g3 Rg6 32. Rh1 Ne6 33. gxf4 Nxf4 34. Rh2 Re7 35. Ke3 Ne6 36. Rf1 Rh7 37. Rfh1 b5 38. Kf3 a6 39. Rh5 a5 40. Kg3 Rf7 41. R5h2 Rh7 42. Rh5 Rf7 43. R5h2 a4 44. a3 Rh7 45. Rh5 Rf7 46. R5h2 Kc6 47. Rf2 Rxf2 48. Kxf2 Kd7 49. Ke3 Ke8 50. Rh5 c6 51. Kf3 Kf7 52. Ke3 Kg8 53. Kf3 Kf7 54. Ke3 Rg8 55. Kf3 Kg6 56. Kg3 Rb8 57. Rh2 Rb7 58. Rf2 Rf7 59. Rxf7 Kxf7 60. Bxg5 Nxg5 61. Kf4 Kg6 62. e6 Kf6 63. e7 Ne6+ 64. Kg3 Kxe7 65. Kh4 Kf6 66. Kh5 Ng5 67. Kh6 Ne4 68. Kh5 Kg7 69. g5 Nd2 70. g6 Nc4 71. Kg5 Nxb2 72. Kf5 Nc4 73. Ke6 Nxa3 74. Kd6 Nc4+ 75. Kxc6 a3 76. Kxd5 a2 77. Ke6 a1=Q 78. d5 Qe1+ 79. Kd7 Qe5 80. Kc6 Qd6+ 81. Kxb5 Qxd5+ 82. Kb4 Nd6 83. Ka4 Qc4+ 84. Ka3 Nb5+ 85. Kb2 Qxc3+ 86. Ka2 Qd2+ 87. Kb3 Qd3+ 88. Kb4 Qc3+ 89. Kxb5 Kxg6 90. Ka4 Kf6 0-1

[Event "FIDE WCC Blitz Women 2019"]
[Site "Moscow"]
[Date "2019.12.30"]
[Round "11.9"]
[White "Socko, Monika"]
[Black "Galliamova, Alisa"]
[Result "0-1"]
[WhiteElo "2286"]
[BlackElo "2415"]
[Annotator "NA"]
[PlyCount "88"]
[EventDate "2019.12.29"]
[EventType "swiss"]
[EventCountry "RUS"]
[SourceTitle "playchess.com"]
[Source "ChessBase"]
[SourceQuality "1"]

1. d4 d5 2. c4 c6 3. Nf3 Nf6 4. Nbd2 g6 5. g3 Bg7 6. Bg2 O-O 7. O-O Bf5 8. b3 Nbd7 9. Bb2 h6 10. Rc1 a5 11. Nh4 Be6 12. f4 Ng4 13. Ndf3 Ne3 14. Qd3 Nxf1 15. Rxf1 dxc4 16. bxc4 Nb6 17. Nd2 Bd7 18. e4 c5 19. e5 Na4 20. Ba1 cxd4 21. Ne4 Bc6 22. Bxd4 Qd7 23. Rd1 Rad8 24. Qc2 Bxe4 25. Bxe4 Nc5 26. Bd5 Ne6 27. Bb6 Rc8 28. Bf3 Qe8 29. Bd5 Nc7 30. Bxb7 Rb8 31. Bxc7 Rxb7 32. Bxa5 Qc6 33. Be1 Rc8 34. Bf2 e6 35. c5 Bf8 36. Nf3 Bxc5 37. Kg2 Kg7 38. Bxc5 Qxc5 39. Qe4 Rb2+ 40. Kh3 Qc6 41. Qe3 Rxa2 42. Nd4 Qg2+ 43. Kh4 Qxh2+ 44. Kg4 Qh5# 0-1

[Event "FIDE WCC Blitz Women 2019"]
[Site "Moscow"]
[Date "2019.12.30"]
[Round "11.10"]
[White "Diakonova, Ekaterina"]
[Black "Paehtz, Elisabeth"]
[Result "0-1"]
[WhiteElo "2090"]
[BlackElo "2380"]
[Annotator "NA"]
[PlyCount "80"]
[EventDate "2019.12.29"]
[EventType "swiss"]
[EventCountry "RUS"]
[SourceTitle "playchess.com"]
[Source "ChessBase"]
[SourceQuality "1"]

1. e4 c5 2. Nf3 d6 3. d4 cxd4 4. Qxd4 Nf6 5. c4 g6 6. Nc3 Bg7 7. Be2 O-O 8. Qd3 Nbd7 9. O-O Nc5 10. Qc2 b6 11. b4 Ncxe4 12. Nxe4 Nxe4 13. Qxe4 Bf5 14. Qh4 Bxa1 15. Bh6 Bf6 16. Qf4 Bg7 17. g4 Be6 18. h4 Rc8 19. h5 Qd7 20. Nd4 Bxc4 21. Bxg7 Kxg7 22. Bxc4 e5 23. Nf5+ Qxf5 24. h6+ Kh8 25. Qg3 Qf6 26. Bd5 g5 27. Be4 Qxh6 28. Kg2 Qf6 29. Rh1 h6 30. Bf5 Rc7 31. Qd3 Kg7 32. a4 Re7 33. Qe4 Rd8 34. Qd5 e4 35. a5 bxa5 36. bxa5 e3 37. fxe3 Rxe3 38. Rb1 Qe5 39. Qc6 Re2+ 40. Kf1 Qe3 0-1

[Event "FIDE WCC Blitz Women 2019"]
[Site "Moscow"]
[Date "2019.12.30"]
[Round "11.11"]
[White "Batsiashvili, Nino"]
[Black "Muzychuk, Mariya"]
[Result "1/2-1/2"]
[WhiteElo "2259"]
[BlackElo "2344"]
[Annotator "NA"]
[PlyCount "133"]
[EventDate "2019.12.29"]
[EventType "swiss"]
[EventCountry "RUS"]
[SourceTitle "playchess.com"]
[Source "ChessBase"]
[SourceQuality "1"]

1. c4 c5 2. Nf3 Nc6 3. g3 g6 4. d4 cxd4 5. Nxd4 Bg7 6. Nc2 d6 7. Bg2 Be6 8. Ne3 Nf6 9. O-O O-O 10. Nc3 Qd7 11. Ned5 Rac8 12. Be3 Bh3 13. Rc1 Bxg2 14. Kxg2 Ng4 15. Bf4 e6 16. Ne3 Nxe3+ 17. Bxe3 Rfd8 18. b3 d5 19. cxd5 exd5 20. Na4 d4 21. Bf4 Qd5+ 22. Kg1 b6 23. Qd2 Ne5 24. Bxe5 Bxe5 25. Nb2 h5 26. Rxc8 Rxc8 27. Rc1 Re8 28. Nd3 Bd6 29. Rd1 h4 30. Nf4 Bxf4 31. Qxf4 h3 32. Qf3 Qxf3 33. exf3 Re2 34. Kf1 Rxa2 35. Rxd4 Ra1+ 36. Ke2 Rh1 37. Rh4 Rxh2 38. f4 Rh1 39. g4 h2 40. g5 Kf8 41. f5 gxf5 42. Kf3 Kg7 43. Kf4 a5 44. Kxf5 b5 45. Kf4 a4 46. bxa4 bxa4 47. Kg3 a3 48. Ra4 Rf1 49. Kxh2 Rxf2+ 50. Kg3 Ra2 51. Ra6 Ra1 52. Kg2 Kf8 53. Kh2 Ke7 54. Kg2 Kd7 55. g6 fxg6 56. Rxg6 Rc1 57. Ra6 Rc3 58. Kf2 Kc7 59. Ke2 Kb7 60. Ra4 Kb6 61. Kd2 Rh3 62. Kc2 Kb5 63. Ra8 Rh2+ 64. Kb3 Rh1 65. Rxa3 Rh3+ 66. Kb2 Rxa3 67. Kxa3 1/2-1/2

[Event "FIDE WCC Blitz Women 2019"]
[Site "Moscow"]
[Date "2019.12.30"]
[Round "11.12"]
[White "Guichard, Pauline"]
[Black "Munguntuul, Batkhuyag"]
[Result "0-1"]
[WhiteElo "2335"]
[BlackElo "2282"]
[Annotator "NA"]
[PlyCount "92"]
[EventDate "2019.12.29"]
[EventType "swiss"]
[EventCountry "RUS"]
[SourceTitle "playchess.com"]
[Source "ChessBase"]
[SourceQuality "1"]

1. c4 e6 2. Nc3 d5 3. e3 Nf6 4. Nf3 b6 5. cxd5 exd5 6. b3 Bb7 7. Bb2 Be7 8. d4 O-O 9. Bd3 Nbd7 10. O-O a6 11. Ne5 Nxe5 12. dxe5 Nd7 13. Ne2 Nc5 14. Bc2 f6 15. Nf4 fxe5 16. Bxe5 Bf6 17. Qh5 Ne4 18. Bxf6 Nxf6 19. Qh3 Qe7 20. Rad1 Rae8 21. Rd2 Bc8 22. Qh4 c6 23. Rd4 a5 24. Rc1 Qa3 25. Rcd1 Qxa2 26. R4d2 Qa3 27. Nh5 Ne4 28. Bxe4 Rxe4 29. Qg3 Qe7 30. Nf4 Bf5 31. Rc1 Bd7 32. h3 b5 33. Ra2 a4 34. bxa4 Rxa4 35. Rxa4 bxa4 36. Ra1 a3 37. e4 Qxe4 38. Nh5 Qe7 39. Rxa3 d4 40. Ra7 c5 41. Nf4 c4 42. Nd5 Qe6 43. Nf4 Qd6 44. Qg5 d3 45. Nh5 Qd4 46. Kh2 d2 0-1

[Event "FIDE WCC Blitz Women 2019"]
[Site "Moscow"]
[Date "2019.12.30"]
[Round "11.13"]
[White "Gaponenko, Inna"]
[Black "Fataliyeva, Ulviyya"]
[Result "0-1"]
[WhiteElo "2415"]
[BlackElo "2108"]
[Annotator "NA"]
[PlyCount "62"]
[EventDate "2019.12.29"]
[EventType "swiss"]
[EventCountry "RUS"]
[SourceTitle "playchess.com"]
[Source "ChessBase"]
[SourceQuality "1"]

1. e4 e6 2. d4 d5 3. exd5 exd5 4. Nf3 Nf6 5. Bd3 c5 6. O-O Be7 7. dxc5 O-O 8. Nbd2 Bxc5 9. Nb3 Bb6 10. h3 Nc6 11. Re1 Re8 12. Bg5 Rxe1+ 13. Qxe1 Be6 14. c3 h6 15. Bh4 g5 16. Bg3 Qf8 17. Nbd4 Re8 18. Qd2 Ne4 19. Bxe4 dxe4 20. Ne1 f5 21. Nxc6 bxc6 22. Bd6 Qf7 23. Qc2 Bxa2 24. Qa4 Bd5 25. Nc2 f4 26. Nb4 e3 27. Nxd5 exf2+ 28. Kf1 Qxd5 29. Rd1 Re1+ 30. Rxe1 Qd3+ 31. Re2 Qb1+ 0-1

[Event "FIDE WCC Blitz Women 2019"]
[Site "Moscow"]
[Date "2019.12.30"]
[Round "11.14"]
[White "Saduakassova, Dinara"]
[Black "Mammadova, Gulnar"]
[Result "1/2-1/2"]
[WhiteElo "2390"]
[BlackElo "2293"]
[Annotator "NA"]
[PlyCount "129"]
[EventDate "2019.12.29"]
[EventType "swiss"]
[EventCountry "RUS"]
[SourceTitle "playchess.com"]
[Source "ChessBase"]
[SourceQuality "1"]

1. d4 g6 2. Nf3 Bg7 3. g3 d6 4. Bg2 Nd7 5. O-O e5 6. dxe5 Nxe5 7. Nxe5 Bxe5 8. Nc3 Ne7 9. Bg5 h6 10. Bd2 Bg7 11. e4 O-O 12. Qe2 Be6 13. Nd5 Nxd5 14. exd5 Bf5 15. Bf4 Qd7 16. Qd2 g5 17. Be3 a5 18. Bd4 Rae8 19. Bxg7 Kxg7 20. Qxa5 Re2 21. Qc3+ Kg8 22. Rfe1 Rxc2 23. Qf6 Bg6 24. Be4 Rd2 25. Bxg6 fxg6 26. Qxg6+ Qg7 27. Qxg7+ Kxg7 28. Re7+ Kg6 29. Rf1 Rf7 30. Rxf7 Kxf7 31. Rc1 Rxb2 32. Rxc7+ Kf6 33. Kg2 Ke5 34. h4 gxh4 35. gxh4 Kxd5 36. Rh7 Rxa2 37. Rxb7 Ra4 38. Kg3 Ra3+ 39. f3 Ra1 40. Rh7 Ke5 41. Rxh6 Rg1+ 42. Kf2 Rg8 43. Rh5+ Kf6 44. Ra5 Rb8 45. Kg3 Rb1 46. h5 Rh1 47. Kg4 Rg1+ 48. Kf4 Rh1 49. Rf5+ Ke6 50. Rg5 Kf6 51. Rg6+ Kf7 52. Kg5 d5 53. Rd6 Rd1 54. h6 d4 55. Rd7+ Kg8 56. Kg6 Rg1+ 57. Kf6 Rh1 58. Kg5 Rd1 59. f4 d3 60. f5 d2 61. Kf6 Kh8 62. Kf7 Kh7 63. Rd6 Rf1 64. Rxd2 Rxf5+ 65. Ke6 1/2-1/2

[Event "FIDE WCC Blitz Women 2019"]
[Site "Moscow"]
[Date "2019.12.30"]
[Round "11.15"]
[White "Voit, Daria"]
[Black "Sargsyan, Anna"]
[Result "0-1"]
[WhiteElo "2293"]
[BlackElo "1708"]
[Annotator "NA"]
[PlyCount "72"]
[EventDate "2019.12.29"]
[EventType "swiss"]
[EventCountry "RUS"]
[SourceTitle "playchess.com"]
[Source "ChessBase"]
[SourceQuality "1"]

1. d4 d5 2. c4 c6 3. Nf3 Nf6 4. e3 Bg4 5. h3 Bxf3 6. Qxf3 e6 7. Nc3 Nbd7 8. Bd3 Bb4 9. Bd2 O-O 10. O-O Re8 11. a3 Ba5 12. b4 Bc7 13. e4 dxe4 14. Nxe4 Nxe4 15. Qxe4 Nf6 16. Qh4 Qd6 17. g3 e5 18. Bc3 e4 19. Be2 e3 20. Bf3 exf2+ 21. Kxf2 h6 22. c5 Qe6 23. Kg2 Qe3 24. Be1 Ne4 25. Bf2 Qd3 26. Bxe4 Rxe4 27. Qh5 Re2 28. Qf3 Qc4 29. Rac1 Qe6 30. Rcd1 Re8 31. d5 cxd5 32. Qxd5 Qg6 33. Kh1 Bxg3 34. Bxg3 Qxg3 35. Qxf7+ Kh8 36. Rf2 Qxf2 0-1

[Event "FIDE WCC Blitz Women 2019"]
[Site "Moscow"]
[Date "2019.12.30"]
[Round "11.17"]
[White "Gvetadze, Sofio"]
[Black "Buksa, Nataliya"]
[Result "1/2-1/2"]
[WhiteElo "2202"]
[BlackElo "2356"]
[Annotator "NA"]
[PlyCount "63"]
[EventDate "2019.12.29"]
[EventType "swiss"]
[EventCountry "RUS"]
[SourceTitle "playchess.com"]
[Source "ChessBase"]
[SourceQuality "1"]

1. Nf3 d5 2. g3 Nf6 3. Bg2 e6 4. O-O Be7 5. d3 O-O 6. Nbd2 Nc6 7. e4 dxe4 8. dxe4 e5 9. c3 Be6 10. Qc2 h6 11. Rd1 Qc8 12. Nf1 Rd8 13. Rxd8+ Qxd8 14. Ne3 Qd7 15. Bd2 Rd8 16. Bf1 Ng4 17. Re1 Nxe3 18. Bxe3 a6 19. Nd2 Bg5 20. Nb3 Bxe3 21. Rxe3 Qd1 22. Qxd1 Rxd1 23. Kg2 Bh3+ 24. Kxh3 Rxf1 25. Kg2 Rb1 26. Re2 b6 27. Rd2 Kf8 28. Rd7 Rxb2 29. Rxc7 Na5 30. Nxa5 bxa5 31. a4 Ra2 32. Rc5 1/2-1/2

[Event "FIDE WCC Blitz Women 2019"]
[Site "Moscow"]
[Date "2019.12.30"]
[Round "11.18"]
[White "Girya, Olga"]
[Black "Zhukova, Natalia"]
[Result "0-1"]
[WhiteElo "2337"]
[BlackElo "2239"]
[Annotator "NA"]
[PlyCount "82"]
[EventDate "2019.12.29"]
[EventType "swiss"]
[EventCountry "RUS"]
[SourceTitle "playchess.com"]
[Source "ChessBase"]
[SourceQuality "1"]

1. d4 Nf6 2. c4 c5 3. d5 b5 4. cxb5 a6 5. bxa6 g6 6. Nc3 Bg7 7. e4 O-O 8. a4 Bxa6 9. Bxa6 Nxa6 10. Nge2 d6 11. O-O Qb6 12. Rb1 Ng4 13. h3 Ne5 14. Bg5 Rfe8 15. Qd2 c4 16. Be3 Nc5 17. Nd4 Ned3 18. Ndb5 Qa5 19. f4 Nxa4 20. Nxa4 Qxb5 21. Nc3 Qb3 22. e5 dxe5 23. f5 Red8 24. Bh6 Bh8 25. fxg6 hxg6 26. Qe2 f5 27. Bg5 Rd7 28. g4 f4 29. Qe4 Qb6+ 30. Kh2 Bg7 31. d6 Re8 32. Nd5 Qxd6 33. Nxe7+ Rexe7 34. Bxe7 Qxe7 35. Qxc4+ Kh7 36. b4 e4 37. b5 e3 38. b6 e2 39. Rfe1 Nxe1 40. Rxe1 f3 41. Qf4 Be5 0-1

[Event "FIDE WCC Blitz Women 2019"]
[Site "Moscow"]
[Date "2019.12.30"]
[Round "11.19"]
[White "Heinemann, Josefine"]
[Black "Mkrtchian, Lilit"]
[Result "1/2-1/2"]
[WhiteElo "2325"]
[BlackElo "2268"]
[Annotator "NA"]
[PlyCount "57"]
[EventDate "2019.12.29"]
[EventType "swiss"]
[EventCountry "RUS"]
[SourceTitle "playchess.com"]
[Source "ChessBase"]
[SourceQuality "1"]

1. e4 e6 2. d4 d5 3. Nd2 Be7 4. Ngf3 Nf6 5. e5 Nfd7 6. Bd3 c5 7. c3 Nc6 8. O-O a5 9. a4 cxd4 10. cxd4 Nb4 11. Bb5 O-O 12. Nb3 Nb6 13. Bd2 Bd7 14. Bxd7 Qxd7 15. Nc5 Qc6 16. Rc1 Nd7 17. Bxb4 axb4 18. Nxd7 Qxd7 19. b3 b5 20. axb5 Qxb5 21. Ra1 Ra3 22. Qc2 Rfa8 23. Rab1 h6 24. g3 Ra2 25. Rb2 Ra1 26. Rbb1 R1a2 27. Rb2 Ra1 28. Rbb1 R1a2 29. Rb2 1/2-1/2

[Event "FIDE WCC Blitz Women 2019"]
[Site "Moscow"]
[Date "2019.12.30"]
[Round "11.20"]
[White "Gevorgyan, Maria"]
[Black "Shuvalova, Polina"]
[Result "0-1"]
[WhiteElo "2244"]
[BlackElo "2302"]
[Annotator "NA"]
[PlyCount "138"]
[EventDate "2019.12.29"]
[EventType "swiss"]
[EventCountry "RUS"]
[SourceTitle "playchess.com"]
[Source "ChessBase"]
[SourceQuality "1"]

1. e4 e5 2. Nf3 Nc6 3. d4 exd4 4. Nxd4 Bb4+ 5. c3 Bc5 6. Be3 Bb6 7. Nf5 g6 8. Bxb6 axb6 9. Ne3 Nf6 10. f3 Qe7 11. Nd2 O-O 12. Bd3 d5 13. O-O Be6 14. Re1 dxe4 15. Nxe4 Nxe4 16. Bxe4 Rfd8 17. Qc2 Qc5 18. Kh1 Rd7 19. b4 Qg5 20. Bxc6 bxc6 21. Qe4 Rd2 22. Qxc6 Raxa2 23. Rxa2 Rxa2 24. Qe4 Rd2 25. f4 Qf6 26. c4 Rd4 27. Qa8+ Kg7 28. Qc6 Qxf4 29. Qf3 Qxf3 30. gxf3 Bxc4 31. Rc1 Be6 32. b5 Rd3 33. Ng2 Rxf3 34. Kg1 Rb3 35. Rxc7 Rxb5 36. Nf4 Bf5 37. Kf2 Rb2+ 38. Kg3 Rb3+ 39. Kf2 h5 40. Ne2 Rb2 41. Ke3 Bg4 42. Nd4 Rxh2 43. Rb7 Rh3+ 44. Ke4 Rh4 45. Rxb6 Rh1 46. Kf4 Rd1 47. Nc2 Rf1+ 48. Kg3 Rf3+ 49. Kg2 h4 50. Rb4 f5 51. Nd4 Rd3 52. Rb7+ Kf6 53. Rb6+ Kg5 54. Ne6+ Kh6 55. Nf4 Rd2+ 56. Kg1 Bh5 57. Rb3 Kg5 58. Nh3+ Kf6 59. Rb6+ Ke5 60. Rb5+ Kd4 61. Rb4+ Ke3 62. Rxh4 Kf3 63. Rc4 Rd1+ 64. Kh2 Rd2+ 65. Kg1 Kg3 66. Rc3+ Bf3 67. Nf2 Rxf2 68. Rc6 Ra2 69. Rxg6+ Bg4 0-1

[Event "FIDE WCC Blitz Women 2019"]
[Site "Moscow"]
[Date "2019.12.30"]
[Round "11.21"]
[White "Styazhkina, Anna"]
[Black "Ushenina, Anna"]
[Result "0-1"]
[WhiteElo "2159"]
[BlackElo "2424"]
[Annotator "NA"]
[PlyCount "82"]
[EventDate "2019.12.29"]
[EventType "swiss"]
[EventCountry "RUS"]
[SourceTitle "playchess.com"]
[Source "ChessBase"]
[SourceQuality "1"]

1. e4 c5 2. Nf3 a6 3. c4 Nc6 4. Nc3 e5 5. d3 d6 6. Be3 g6 7. g3 Bg7 8. Bg2 Nge7 9. Qd2 O-O 10. Bh6 Bg4 11. h3 Bxf3 12. Bxf3 Nd4 13. Bd1 b5 14. h4 f6 15. h5 Bxh6 16. Qxh6 g5 17. f4 Kh8 18. fxg5 Ng8 19. Qxf8 Qxf8 20. g6 Qh6 21. Nd5 bxc4 22. dxc4 f5 23. O-O Qg5 24. Kg2 hxg6 25. hxg6 Kg7 26. exf5 Nxf5 27. g4 Rf8 28. Be2 Ne3+ 29. Nxe3 Qxe3 30. Rxf8 Kxf8 31. Rf1+ Kg7 32. Bf3 e4 33. Bd1 Kxg6 34. Ba4 Nf6 35. Bc6 Nxg4 36. Be8+ Kg5 37. Bc6 Ne5 38. Bd5 Ng6 39. Rg1 Nf4+ 40. Kh2+ Kf6 41. Rg3 Qf2+ 0-1